000 00240nam a22001097a 4500
999 _c260982
_d260981
020 _a9780545232807
100 _aHolly Web
245 _aHarry the Homeless Puppy
260 _aNew York
_bScholastic
_c2009
300 _a122 pgs
942 _cBK